000 00690nam a2200217 i 4500
001 90887
003 ES-MaACL
005 20230906180604.0
007 t|
008 050125s1968 sp ||||1| spa d
100 1 _aLelong, M. H.
_971435
245 1 3 _aLa buena nueva a los pobres /
_cM.H. Lelong ; [versión española por Antonio Martí Lloret].
260 _aBilbao :
_bMensajero,
_c1968.
300 _a207 p. ;
_c19 cm.
490 1 _aHomilias y catequesis ;
_v1
630 0 _aBiblia.
_pN.T.
_pEvangelios-
_vSermones.
_9151147
700 1 _aMartí Lloret, Antonio.
_977222
830 1 _aHomilias y catequesis ;
_v1
_9231959
852 _aES-MaACL
_jC-51534
999 _c90887
_d90887